000 00724nam a22002057a 4500
005 20251108165548.0
008 250721s1991 xx 000 0 ara d
082 1 4 _aم/211.7/كرم
100 1 _aالكرماني، أبو القاسم برهان الدين محمود بن حمزة ...
245 1 0 _aالبرهان في متشابه القرآن /
264 1 _aالمنصوره :
_bدار الوفاء،
_c1991.
300 _a447ص.
650 1 7 _aالقرآن الكريم
650 1 7 _aالفاظ القرآن
650 1 7 _aأحكام القرآن
650 1 7 _aتفسير القرآن
700 1 _aخلف الله، أحمد عز الدين عبد الله
_eتحقيق
942 _2ddc
_cREF
999 _c30819
_d30819